000 00307nam a22001337a 4500
008 190205b xxu||||| |||| 00| 0 eng d
020 _a9780534121020
041 _aeng
080 _a201
100 _a24
101 _aTEO
245 _aReligion in Sociological Perspective
_cRobert, K.A
942 _2udc
_cBK
999 _c54043
_d54043